Movies Cut Off At 'C' Quiz Stats

 Plays Quiz Updated Nov 30, 2018

Support Sporcle.
Go Orange.
Score 0/24 Timer 05:00
0 Plays Today
Cut Off at C Movie Title % Correct
FATAL ATTRACTION
97.1%
TO KILL A MOCKINGBIRD
96.9%
THE BREAKFASTCLUB
95.9%
THE GREAT ESCAPE
95.5%
EDWARD SCISSORHANDS
95.1%
BROKEBACK MOUNTAIN
93.8%
SEABISCUIT
93.1%
OF MICE AND MEN
92.1%
DIRTY DANCING
91.5%
ROAD TO MOROCCO
87.7%
FIVE EASY PIECES
86.9%
LAWRENCE OF ARABIA
83.6%
Cut Off at C Movie Title % Correct
THE WILD BUNCH
83.3%
THE ODDCOUPLE
82.2%
DIRTY ROTTEN SCOUNDRELS
82%
2001: A SPACE ODYSSEY
80.3%
SISTER ACT
73.7%
WITNESS FOR THE PROSECUTION
73.3%
YOUNG MR. LINCOLN
72.6%
STIRCRAZY
62.9%
SERPICO
56.4%
MY DARLINGCLEMENTINE
50.2%
ARSENIC AND OLD LACE
48.9%
ABOUT SCHMIDT
46.7%

From the Vault

Disney Animated Movies

by Derek

Movies 10m
Hi-Ho Hi-Ho it's off to Sporcle we go!
Remove Ads.
Support Sporcle.
Get the best of Sporcle when you Go Orange. This ad-free experience offers more features, more stats, and more fun while also helping to support Sporcle. Thank you for becoming a member.

Show Comments

Extras

Top Quizzes Today


Score Distribution

Your Account Isn't Verified!

In order to create a playlist on Sporcle, you need to verify the email address you used during registration. Go to your Sporcle Settings to finish the process.

Report this User

Report this user for behavior that violates our Community Guidelines.

Details: